[Event "European Chess Club Cup 2023"]
[Site "Durres, Albania"]
[Date "2023.10.06"]
[Round "6.21"]
[White "Can, Emre"]
[Black "Korobov, Anton"]
[Result "1/2-1/2"]
[TimeControl "90' + 30' & 30\""]
[WhiteElo "2576"]
[BlackElo "2658"]

1. d4 {[%clk 01:30:53]} {[%emt 00:00:07]} Nf6 {[%clk 01:30:39]} {[%emt
00:00:21]} 2. c4 {[%clk 01:31:00]} {[%emt 00:00:24]} e6 {[%clk 01:30:56]}
{[%emt 00:00:13]} 3. Nf3 {[%clk 01:30:31]} {[%emt 00:00:58]} d5 {[%clk
01:31:12]} {[%emt 00:00:15]} 4. g3 {[%clk 01:30:47]} {[%emt 00:00:14]} dxc4
{[%clk 01:31:05]} {[%emt 00:00:37]} 5. Bg2 {[%clk 01:31:07]} {[%emt 00:00:09]}
Nc6 {[%clk 01:31:20]} {[%emt 00:00:15]} 6. Nc3 {[%clk 01:29:52]} {[%emt
00:01:46]} Rb8 {[%clk 01:28:00]} {[%emt 00:03:49]} 7. Qa4 {[%clk 01:29:53]}
{[%emt 00:00:29]} Bb4 {[%clk 01:28:05]} {[%emt 00:00:25]} 8. O-O {[%clk
01:29:20]} {[%emt 00:01:03]} Bxc3 {[%clk 01:28:13]} {[%emt 00:00:23]} 9. bxc3
{[%clk 01:29:48]} {[%emt 00:00:02]} b5 {[%clk 01:28:33]} {[%emt 00:00:09]} 10.
Qc2 {[%clk 01:30:14]} {[%emt 00:00:05]} O-O {[%clk 01:28:55]} {[%emt 00:00:07]}
11. Bg5 {[%clk 01:30:11]} {[%emt 00:00:34]} h6 {[%clk 01:28:48]} {[%emt
00:00:36]} 12. Bh4 {[%clk 01:29:10]} {[%emt 00:01:32]} Ne7 {[%clk 01:28:46]}
{[%emt 00:00:32]} 13. Bxf6 {[%clk 01:27:56]} {[%emt 00:01:44]} gxf6 {[%clk
01:29:07]} {[%emt 00:00:07]} 14. a4 {[%clk 01:18:54]} {[%emt 00:09:33]} a6
{[%clk 01:22:18]} {[%emt 00:07:20]} 15. Rab1 {[%clk 01:11:22]} {[%emt
00:08:01]} Bb7 {[%clk 01:13:55]} {[%emt 00:08:52]} 16. e4 {[%clk 01:07:08]}
{[%emt 00:04:45]} f5 {[%clk 01:11:01]} {[%emt 00:03:24]} 17. exf5 {[%clk
00:55:45]} {[%emt 00:11:53]} Bxf3 {[%clk 01:06:54]} {[%emt 00:04:37]} 18. Bxf3
{[%clk 00:56:01]} {[%emt 00:00:14]} Nxf5 {[%clk 01:07:18]} {[%emt 00:00:06]} 19.
axb5 {[%clk 00:52:29]} {[%emt 00:04:02]} axb5 {[%clk 01:04:20]} {[%emt
00:03:29]} 20. Rfe1 {[%clk 00:49:02]} {[%emt 00:03:57]} Qf6 {[%clk 00:52:23]}
{[%emt 00:12:26]} 21. Bc6 {[%clk 00:40:18]} {[%emt 00:09:15]} Nd6 {[%clk
00:51:30]} {[%emt 00:01:22]} 22. Re5 {[%clk 00:40:34]} {[%emt 00:00:14]} Rb6
{[%clk 00:51:54]} {[%emt 00:00:06]} 23. Rc5 {[%clk 00:38:02]} {[%emt 00:03:02]}
b4 {[%clk 00:45:48]} {[%emt 00:06:36]} 24. cxb4 {[%clk 00:38:02]} {[%emt
00:00:30]} Qxd4 {[%clk 00:46:13]} {[%emt 00:00:05]} 25. Rd1 {[%clk 00:38:21]}
{[%emt 00:00:11]} Qf6 {[%clk 00:44:37]} {[%emt 00:02:06]} 26. b5 {[%clk
00:37:22]} {[%emt 00:01:30]} Rfb8 {[%clk 00:41:56]} {[%emt 00:03:11]} 27. Qa4
{[%clk 00:28:23]} {[%emt 00:09:28]} Qb2 {[%clk 00:39:25]} {[%emt 00:03:01]} 28.
h4 {[%clk 00:13:41]} {[%emt 00:15:12]} Nxb5 {[%clk 00:38:29]} {[%emt 00:01:26]}
29. Bxb5 {[%clk 00:13:48]} {[%emt 00:00:24]} Rxb5 {[%clk 00:38:52]} {[%emt
00:00:06]} 30. Qxc4 {[%clk 00:13:41]} {[%emt 00:00:38]} Rxc5 {[%clk 00:35:08]}
{[%emt 00:04:13]} 31. Qxc5 {[%clk 00:14:08]} {[%emt 00:00:04]} Qe2 {[%clk
00:34:56]} {[%emt 00:00:41]} 32. Rf1 {[%clk 00:14:19]} {[%emt 00:00:18]} Rb7
{[%clk 00:32:26]} {[%emt 00:03:01]} 33. Qc3 {[%clk 00:14:03]} {[%emt 00:00:45]}
Qe4 {[%clk 00:30:22]} {[%emt 00:02:34]} 34. Qf6 {[%clk 00:13:36]} {[%emt
00:00:58]} Qg6 {[%clk 00:27:21]} {[%emt 00:03:31]} 35. Qd8+ {[%clk 00:14:01]}
{[%emt 00:00:05]} Kg7 {[%clk 00:26:56]} {[%emt 00:00:55]} 36. Qd4+ {[%clk
00:12:23]} {[%emt 00:02:08]} Qf6 {[%clk 00:25:22]} {[%emt 00:02:04]} 37. Qg4+
{[%clk 00:11:56]} {[%emt 00:00:57]} Kf8 {[%clk 00:24:53]} {[%emt 00:00:59]} 38.
Qe4 {[%clk 00:11:09]} {[%emt 00:01:13]} Rb2 {[%clk 00:23:56]} {[%emt 00:01:31]}
39. Qc4 {[%clk 00:08:45]} {[%emt 00:02:54]} Qe5 {[%clk 00:22:48]} {[%emt
00:01:38]} 40. Rc1 {[%clk 00:08:59]} {[%emt 00:00:16]} Qf6 {[%clk 00:19:29]}
{[%emt 00:03:49]} 41. Rf1 {[%clk 00:07:46]} {[%emt 00:01:43]} 1/2-1/2

[Event "European Chess Club Cup 2023"]
[Site "Durres, Albania"]
[Date "2023.10.06"]
[Round "6.22"]
[White "Wagner, Dennis"]
[Black "Gokerkan, Cem Kaan"]
[Result "1/2-1/2"]
[TimeControl "90' + 30' & 30\""]
[WhiteElo "2589"]
[BlackElo "2515"]

1. d4 {[%clk 01:30:56]} {[%emt 00:00:03]} Nf6 {[%clk 01:30:56]} {[%emt
00:00:05]} 2. c4 {[%clk 01:31:18]} {[%emt 00:00:08]} e6 {[%clk 01:31:22]}
{[%emt 00:00:04]} 3. Nf3 {[%clk 01:31:36]} {[%emt 00:00:11]} b6 {[%clk
01:31:32]} {[%emt 00:00:20]} 4. a3 {[%clk 01:31:46]} {[%emt 00:00:20]} Bb7
{[%clk 01:31:57]} {[%emt 00:00:06]} 5. Nc3 {[%clk 01:32:11]} {[%emt 00:00:05]}
d5 {[%clk 01:32:22]} {[%emt 00:00:05]} 6. cxd5 {[%clk 01:32:28]} {[%emt
00:00:12]} Nxd5 {[%clk 01:32:47]} {[%emt 00:00:05]} 7. e3 {[%clk 01:32:48]}
{[%emt 00:00:10]} Be7 {[%clk 01:27:21]} {[%emt 00:05:56]} 8. Bb5+ {[%clk
01:32:51]} {[%emt 00:00:27]} c6 {[%clk 01:26:56]} {[%emt 00:00:55]} 9. Bd3
{[%clk 01:33:15]} {[%emt 00:00:06]} c5 {[%clk 01:17:15]} {[%emt 00:10:12]} 10.
e4 {[%clk 01:32:35]} {[%emt 00:01:10]} Nxc3 {[%clk 01:17:23]} {[%emt 00:00:22]}
11. bxc3 {[%clk 01:33:00]} {[%emt 00:00:04]} Nd7 {[%clk 01:14:45]} {[%emt
00:03:08]} 12. O-O {[%clk 01:32:50]} {[%emt 00:00:40]} O-O {[%clk 01:15:07]}
{[%emt 00:00:08]} 13. Qe2 {[%clk 01:31:57]} {[%emt 00:01:23]} Rc8 {[%clk
01:14:32]} {[%emt 00:01:05]} 14. Bd2 {[%clk 01:31:48]} {[%emt 00:00:39]} Qc7
{[%clk 01:12:57]} {[%emt 00:02:05]} 15. a4 {[%clk 01:31:59]} {[%emt 00:00:19]}
Rfd8 {[%clk 01:09:10]} {[%emt 00:04:17]} 16. Rfe1 {[%clk 01:32:19]} {[%emt
00:00:10]} e5 {[%clk 00:55:02]} {[%emt 00:14:38]} 17. d5 {[%clk 00:58:29]}
{[%emt 00:34:21]} c4 {[%clk 00:55:16]} {[%emt 00:00:16]} 18. Bc2 {[%clk
00:58:54]} {[%emt 00:00:04]} Ba6 {[%clk 00:54:23]} {[%emt 00:01:22]} 19. h4
{[%clk 00:58:28]} {[%emt 00:00:57]} Nc5 {[%clk 00:54:28]} {[%emt 00:00:25]} 20.
h5 {[%clk 00:54:25]} {[%emt 00:04:34]} h6 {[%clk 00:51:24]} {[%emt 00:03:33]}
21. Nh2 {[%clk 00:52:35]} {[%emt 00:02:20]} Nd3 {[%clk 00:50:45]} {[%emt
00:01:09]} 22. Qg4 {[%clk 00:41:21]} {[%emt 00:11:45]} Kh8 {[%clk 00:49:04]}
{[%emt 00:02:10]} 23. Bxd3 {[%clk 00:35:30]} {[%emt 00:06:20]} cxd3 {[%clk
00:49:33]} {[%emt 00:00:02]} 24. Qg3 {[%clk 00:35:52]} {[%emt 00:00:08]} f5
{[%clk 00:37:39]} {[%emt 00:12:24]} 25. exf5 {[%clk 00:18:47]} {[%emt
00:17:35]} Rxd5 {[%clk 00:38:07]} {[%emt 00:00:02]} 26. Ng4 {[%clk 00:18:38]}
{[%emt 00:00:39]} e4 {[%clk 00:38:05]} {[%emt 00:00:32]} 27. Qxc7 {[%clk
00:11:16]} {[%emt 00:07:52]} Rxc7 {[%clk 00:38:33]} {[%emt 00:00:02]} 28. Rxe4
{[%clk 00:10:21]} {[%emt 00:01:25]} Rxf5 {[%clk 00:37:43]} {[%emt 00:01:21]} 29.
Re5 {[%clk 00:02:32]} {[%emt 00:08:18]} Rxe5 {[%clk 00:28:21]} {[%emt
00:09:52]} 30. Nxe5 {[%clk 00:03:01]} {[%emt 00:00:01]} Bf6 {[%clk 00:28:43]}
{[%emt 00:00:08]} 31. f4 {[%clk 00:03:27]} {[%emt 00:00:04]} Kg8 {[%clk
00:29:09]} {[%emt 00:00:04]} 32. a5 {[%clk 00:03:30]} {[%emt 00:00:27]} Bxe5
{[%clk 00:19:55]} {[%emt 00:09:44]} 33. fxe5 {[%clk 00:03:19]} {[%emt
00:00:41]} Bc4 {[%clk 00:16:49]} {[%emt 00:03:36]} 34. axb6 {[%clk 00:03:45]}
{[%emt 00:00:04]} axb6 {[%clk 00:09:57]} {[%emt 00:07:23]} 35. Ra8+ {[%clk
00:03:39]} {[%emt 00:00:35]} Kf7 {[%clk 00:10:13]} {[%emt 00:00:13]} 36. Kf2
{[%clk 00:04:02]} {[%emt 00:00:07]} Ke6 {[%clk 00:08:32]} {[%emt 00:02:12]} 37.
Re8+ {[%clk 00:04:25]} {[%emt 00:00:07]} Re7 {[%clk 00:02:48]} {[%emt
00:06:14]} 1/2-1/2

[Event "European Chess Club Cup 2023"]
[Site "Durres, Albania"]
[Date "2023.10.06"]
[Round "6.23"]
[White "Kilic, Eray"]
[Black "Fedorchuk, Sergey A."]
[Result "1-0"]
[TimeControl "90' + 30' & 30\""]
[WhiteElo "2432"]
[BlackElo "2564"]

1. e4 {[%clk 01:30:57]} {[%emt 00:00:02]} c5 {[%clk 01:30:33]} {[%emt
00:00:27]} 2. Nf3 {[%clk 01:31:23]} {[%emt 00:00:04]} e6 {[%clk 01:30:43]}
{[%emt 00:00:20]} 3. c3 {[%clk 01:31:49]} {[%emt 00:00:04]} d5 {[%clk
01:30:46]} {[%emt 00:00:27]} 4. e5 {[%clk 01:32:16]} {[%emt 00:00:04]} d4
{[%clk 01:30:26]} {[%emt 00:00:50]} 5. d3 {[%clk 01:32:42]} {[%emt 00:00:03]}
Nc6 {[%clk 01:26:59]} {[%emt 00:03:57]} 6. g3 {[%clk 01:33:01]} {[%emt
00:00:12]} Qc7 {[%clk 01:21:58]} {[%emt 00:05:30]} 7. Qe2 {[%clk 01:33:24]}
{[%emt 00:00:07]} Nge7 {[%clk 01:21:45]} {[%emt 00:00:43]} 8. Bg2 {[%clk
01:33:46]} {[%emt 00:00:09]} Ng6 {[%clk 01:21:33]} {[%emt 00:00:41]} 9. Na3
{[%clk 01:34:12]} {[%emt 00:00:04]} Bd7 {[%clk 01:19:58]} {[%emt 00:02:05]} 10.
Nb5 {[%clk 01:34:08]} {[%emt 00:00:35]} Qb8 {[%clk 01:19:06]} {[%emt 00:01:22]}
11. cxd4 {[%clk 01:33:01]} {[%emt 00:01:37]} a6 {[%clk 01:15:38]} {[%emt
00:03:58]} 12. Na3 {[%clk 01:33:27]} {[%emt 00:00:04]} cxd4 {[%clk 01:09:14]}
{[%emt 00:06:54]} 13. Nc4 {[%clk 01:33:13]} {[%emt 00:00:44]} b5 {[%clk
00:57:00]} {[%emt 00:12:43]} 14. Ncd2 {[%clk 01:31:13]} {[%emt 00:02:30]} Ra7
{[%clk 00:57:00]} {[%emt 00:00:31]} 15. O-O {[%clk 01:31:38]} {[%emt 00:00:05]}
Bb4 {[%clk 00:38:23]} {[%emt 00:19:07]} 16. Re1 {[%clk 01:26:23]} {[%emt
00:05:44]} Ba5 {[%clk 00:36:58]} {[%emt 00:01:55]} 17. h4 {[%clk 01:25:12]}
{[%emt 00:01:41]} h6 {[%clk 00:35:51]} {[%emt 00:01:37]} 18. h5 {[%clk
01:19:54]} {[%emt 00:05:49]} Nge7 {[%clk 00:35:10]} {[%emt 00:01:10]} 19. Nh4
{[%clk 01:20:19]} {[%emt 00:00:05]} Bc7 {[%clk 00:26:52]} {[%emt 00:08:48]} 20.
f4 {[%clk 01:18:31]} {[%emt 00:02:19]} Nb4 {[%clk 00:27:06]} {[%emt 00:00:15]}
21. Ne4 {[%clk 01:17:33]} {[%emt 00:01:27]} Nbd5 {[%clk 00:27:21]} {[%emt
00:00:16]} 22. Qg4 {[%clk 01:16:26]} {[%emt 00:01:37]} Kf8 {[%clk 00:26:17]}
{[%emt 00:01:34]} 23. Qf3 {[%clk 01:12:19]} {[%emt 00:04:37]} Bc6 {[%clk
00:22:20]} {[%emt 00:04:28]} 24. Bd2 {[%clk 01:08:23]} {[%emt 00:04:26]} Bb6
{[%clk 00:20:02]} {[%emt 00:02:48]} 25. Rac1 {[%clk 01:06:54]} {[%emt
00:01:59]} Rc7 {[%clk 00:19:51]} {[%emt 00:00:41]} 26. g4 {[%clk 01:02:45]}
{[%emt 00:04:38]} Ba8 {[%clk 00:13:26]} {[%emt 00:06:55]} 27. Rxc7 {[%clk
00:46:05]} {[%emt 00:17:11]} Qxc7 {[%clk 00:13:24]} {[%emt 00:00:31]} 28. Rc1
{[%clk 00:43:44]} {[%emt 00:02:51]} Qb8 {[%clk 00:07:32]} {[%emt 00:06:23]} 29.
Kh1 {[%clk 00:41:44]} {[%emt 00:02:29]} Nc6 {[%clk 00:05:33]} {[%emt 00:02:29]}
30. Qg3 {[%clk 00:35:36]} {[%emt 00:06:38]} Ne3 {[%clk 00:03:50]} {[%emt
00:02:13]} 31. Bf3 {[%clk 00:35:20]} {[%emt 00:00:45]} Ke7 {[%clk 00:00:46]}
{[%emt 00:03:36]} 32. Nd6 {[%clk 00:34:23]} {[%emt 00:01:27]} Kd7 {[%clk
00:00:41]} {[%emt 00:00:35]} 33. Nxf7 {[%clk 00:33:39]} {[%emt 00:01:14]} Rf8
{[%clk 00:01:07]} {[%emt 00:00:03]} 34. Nd6 {[%clk 00:32:47]} {[%emt 00:01:21]}
Ne7 {[%clk 00:01:33]} {[%emt 00:00:04]} 35. Ng6 {[%clk 00:29:15]} {[%emt
00:04:03]} Nxg6 {[%clk 00:01:18]} {[%emt 00:00:45]} 36. hxg6 {[%clk 00:29:43]}
{[%emt 00:00:03]} Bxf3+ {[%clk 00:00:55]} {[%emt 00:00:52]} 37. Qxf3 {[%clk
00:30:11]} {[%emt 00:00:02]} Qa8 {[%clk 00:01:16]} {[%emt 00:00:09]} 38. Qxa8
{[%clk 00:30:13]} {[%emt 00:00:29]} Rxa8 {[%clk 00:01:45]} 39. Bxe3 {[%clk
00:30:42]} {[%emt 00:00:01]} dxe3 {[%clk 00:02:03]} {[%emt 00:00:11]} 40. Re1
{[%clk 00:28:31]} {[%emt 00:02:41]} Rf8 {[%clk 00:01:53]} {[%emt 00:00:40]} 41.
Nf7 {[%clk 00:28:47]} {[%emt 00:00:13]} Rc8 {[%clk 00:02:15]} {[%emt 00:00:09]}
42. Re2 {[%clk 00:29:10]} {[%emt 00:00:08]} Ke7 {[%clk 00:28:38]} {[%emt
00:04:07]} 43. Kg2 {[%clk 00:58:29]} {[%emt 00:01:10]} Rc1 {[%clk 00:28:33]}
{[%emt 00:00:34]} 44. f5 {[%clk 00:54:30]} {[%emt 00:04:30]} Rd1 {[%clk
00:22:23]} {[%emt 00:06:41]} 45. f6+ {[%clk 00:52:20]} {[%emt 00:02:40]} Kf8
{[%clk 00:18:32]} {[%emt 00:04:20]} 46. g5 {[%clk 00:51:00]} {[%emt 00:01:51]}
h5 {[%clk 00:18:53]} {[%emt 00:00:09]} 47. Kf3 {[%clk 00:51:27]} {[%emt
00:00:02]} Rf1+ {[%clk 00:17:54]} {[%emt 00:01:29]} 48. Ke4 {[%clk 00:51:15]}
{[%emt 00:00:42]} Rf2 {[%clk 00:18:12]} {[%emt 00:00:12]} 49. Re1 {[%clk
00:51:41]} {[%emt 00:00:04]} e2 {[%clk 00:18:26]} {[%emt 00:00:16]} 50. b4
{[%clk 00:51:59]} {[%emt 00:00:12]} h4 {[%clk 00:18:21]} {[%emt 00:00:34]} 51.
d4 {[%clk 00:50:09]} {[%emt 00:02:21]} h3 {[%clk 00:17:20]} {[%emt 00:01:31]}
52. Ke3 {[%clk 00:50:13]} {[%emt 00:00:26]} Rg2 {[%clk 00:15:50]} {[%emt
00:01:59]} 53. Rc1 {[%clk 00:49:46]} {[%emt 00:00:58]} Bc7 {[%clk 00:06:22]}
{[%emt 00:09:58]} 54. Kf3 {[%clk 00:49:53]} {[%emt 00:00:24]} gxf6 {[%clk
00:04:22]} {[%emt 00:02:29]} 55. exf6 {[%clk 00:49:56]} {[%emt 00:00:27]} Ke8
{[%clk 00:04:44]} {[%emt 00:00:08]} 56. Nh6 {[%clk 00:49:36]} {[%emt 00:00:50]}
Rxg5 {[%clk 00:01:27]} {[%emt 00:03:47]} 57. g7 {[%clk 00:49:54]} {[%emt
00:00:13]} 1-0

[Event "European Chess Club Cup 2023"]
[Site "Durres, Albania"]
[Date "2023.10.06"]
[Round "6.24"]
[White "Libiszewski, Fabien"]
[Black "Ozen, Deniz"]
[Result "1/2-1/2"]
[TimeControl "90' + 30' & 30\""]
[WhiteElo "2496"]
[BlackElo "2382"]

1. e4 {[%clk 01:30:57]} {[%emt 00:00:03]} e5 {[%clk 01:30:49]} {[%emt
00:00:12]} 2. Nf3 {[%clk 01:30:58]} {[%emt 00:00:29]} Nf6 {[%clk 01:31:13]}
{[%emt 00:00:07]} 3. d4 {[%clk 01:30:49]} {[%emt 00:00:38]} Nxe4 {[%clk
01:30:59]} {[%emt 00:00:44]} 4. Bd3 {[%clk 01:30:45]} {[%emt 00:00:33]} d5
{[%clk 01:26:42]} {[%emt 00:04:48]} 5. Nxe5 {[%clk 01:30:17]} {[%emt 00:00:58]}
Nd7 {[%clk 01:25:56]} {[%emt 00:01:15]} 6. Nxd7 {[%clk 01:29:46]} {[%emt
00:01:01]} Bxd7 {[%clk 01:26:13]} {[%emt 00:00:13]} 7. O-O {[%clk 01:29:34]}
{[%emt 00:00:42]} Bd6 {[%clk 01:19:28]} {[%emt 00:07:15]} 8. Nc3 {[%clk
01:28:28]} {[%emt 00:01:36]} Nxc3 {[%clk 01:17:56]} {[%emt 00:02:03]} 9. bxc3
{[%clk 01:28:52]} {[%emt 00:00:06]} O-O {[%clk 01:17:28]} {[%emt 00:00:58]} 10.
Qh5 {[%clk 01:28:34]} {[%emt 00:00:47]} f5 {[%clk 01:17:47]} {[%emt 00:00:12]}
11. Re1 {[%clk 01:28:34]} {[%emt 00:00:30]} Qf6 {[%clk 01:13:36]} {[%emt
00:04:41]} 12. Qf3 {[%clk 01:26:12]} {[%emt 00:02:51]} c6 {[%clk 01:08:26]}
{[%emt 00:05:40]} 13. Bf4 {[%clk 01:25:57]} {[%emt 00:00:45]} Rae8 {[%clk
00:58:53]} {[%emt 00:10:04]} 14. c4 {[%clk 01:21:30]} {[%emt 00:04:57]} dxc4
{[%clk 00:51:18]} {[%emt 00:08:05]} 15. Bxc4+ {[%clk 01:19:59]} {[%emt
00:02:00]} Kh8 {[%clk 00:51:47]} {[%emt 00:00:01]} 16. Qg3 {[%clk 01:18:40]}
{[%emt 00:01:49]} Bxf4 {[%clk 00:49:40]} {[%emt 00:02:38]} 17. Qxf4 {[%clk
01:19:06]} {[%emt 00:00:04]} Re4 {[%clk 00:42:44]} {[%emt 00:07:26]} 18. Rxe4
{[%clk 00:45:46]} {[%emt 00:33:50]} fxe4 {[%clk 00:42:57]} {[%emt 00:00:16]} 19.
Qxf6 {[%clk 00:40:11]} {[%emt 00:06:05]} gxf6 {[%clk 00:43:15]} {[%emt
00:00:12]} 20. Re1 {[%clk 00:33:06]} {[%emt 00:07:36]} Re8 {[%clk 00:36:53]}
{[%emt 00:06:51]} 21. Bf7 {[%clk 00:32:49]} {[%emt 00:00:47]} Re7 {[%clk
00:35:42]} {[%emt 00:01:41]} 22. Bb3 {[%clk 00:32:59]} {[%emt 00:00:19]} Re8
{[%clk 00:25:36]} {[%emt 00:10:37]} 23. Kf1 {[%clk 00:32:30]} {[%emt 00:00:59]}
Kg7 {[%clk 00:24:15]} {[%emt 00:01:51]} 24. Ke2 {[%clk 00:32:03]} {[%emt
00:00:57]} f5 {[%clk 00:21:51]} {[%emt 00:02:54]} 25. Ke3 {[%clk 00:30:44]}
{[%emt 00:01:50]} Kf6 {[%clk 00:21:23]} {[%emt 00:00:57]} 26. Kf4 {[%clk
00:30:06]} {[%emt 00:01:08]} Re7 {[%clk 00:16:21]} {[%emt 00:05:32]} 27. h3
{[%clk 00:23:46]} {[%emt 00:06:51]} Rg7 {[%clk 00:16:22]} {[%emt 00:00:28]} 28.
g3 {[%clk 00:19:43]} {[%emt 00:04:34]} h5 {[%clk 00:16:19]} {[%emt 00:00:34]}
29. c3 {[%clk 00:15:12]} {[%emt 00:05:00]} h4 {[%clk 00:13:00]} {[%emt
00:03:49]} 30. Bd1 {[%clk 00:15:25]} {[%emt 00:00:16]} hxg3 {[%clk 00:12:10]}
{[%emt 00:01:21]} 31. fxg3 {[%clk 00:15:50]} {[%emt 00:00:04]} Rh7 {[%clk
00:10:17]} {[%emt 00:02:24]} 32. h4 {[%clk 00:12:11]} {[%emt 00:04:10]} Be8
{[%clk 00:09:33]} {[%emt 00:01:13]} 33. Rh1 {[%clk 00:11:38]} {[%emt 00:01:03]}
Bh5 {[%clk 00:09:10]} {[%emt 00:00:52]} 34. Bxh5 {[%clk 00:05:51]} {[%emt
00:06:17]} Rxh5 {[%clk 00:09:39]} {[%emt 00:00:01]} 35. c4 {[%clk 00:06:15]}
{[%emt 00:00:07]} Rh8 {[%clk 00:06:41]} {[%emt 00:03:28]} 36. h5 {[%clk
00:05:53]} {[%emt 00:00:52]} Rg8 {[%clk 00:06:50]} {[%emt 00:00:20]} 37. Rh4
{[%clk 00:05:56]} {[%emt 00:00:28]} Rd8 {[%clk 00:05:14]} {[%emt 00:02:06]} 38.
Ke3 {[%clk 00:01:58]} {[%emt 00:04:28]} Rg8 {[%clk 00:03:05]} {[%emt 00:02:38]}
39. Kf4 {[%clk 00:02:05]} {[%emt 00:00:24]} Rd8 {[%clk 00:03:30]} {[%emt
00:00:05]} 40. h6 {[%clk 00:00:42]} {[%emt 00:01:52]} Rxd4 {[%clk 00:03:30]}
{[%emt 00:00:30]} 41. h7 {[%clk 00:17:51]} {[%emt 00:13:21]} e3+ {[%clk
00:33:41]} {[%emt 00:00:20]} 42. Kxe3 {[%clk 00:16:25]} {[%emt 00:01:56]} Rxh4
{[%clk 00:34:06]} {[%emt 00:00:05]} 43. gxh4 {[%clk 00:16:52]} {[%emt
00:00:03]} Kg7 {[%clk 00:34:33]} {[%emt 00:00:02]} 44. a4 {[%clk 00:12:16]}
{[%emt 00:05:07]} b6 {[%clk 00:28:44]} {[%emt 00:06:19]} 45. Kf4 {[%clk
00:12:12]} {[%emt 00:00:34]} a6 {[%clk 00:28:54]} {[%emt 00:00:19]} 46. Kxf5
{[%clk 00:12:19]} {[%emt 00:00:24]} b5 {[%clk 00:29:20]} {[%emt 00:00:04]} 47.
cxb5 {[%clk 00:12:10]} {[%emt 00:00:39]} cxb5 {[%clk 00:29:44]} {[%emt
00:00:05]} 48. axb5 {[%clk 00:12:29]} {[%emt 00:00:11]} axb5 {[%clk 00:30:13]}
{[%emt 00:00:02]} 49. Ke5 {[%clk 00:12:52]} {[%emt 00:00:06]} b4 {[%clk
00:30:40]} {[%emt 00:00:04]} 50. Kd4 {[%clk 00:13:17]} {[%emt 00:00:04]} Kxh7
{[%clk 00:31:08]} {[%emt 00:00:03]} 51. Kc4 {[%clk 00:13:42]} {[%emt 00:00:04]}
Kh6 {[%clk 00:31:37]} {[%emt 00:00:02]} 52. Kxb4 {[%clk 00:14:07]} {[%emt
00:00:05]} Kh5 {[%clk 00:32:05]} {[%emt 00:00:02]} 53. Kc4 {[%clk 00:14:32]}
{[%emt 00:00:05]} Kxh4 {[%clk 00:32:01]} {[%emt 00:00:03]} 1/2-1/2

[Event "European Chess Club Cup 2023"]
[Site "Durres, Albania"]
[Date "2023.10.06"]
[Round "6.25"]
[White "Donchenko, Alexander"]
[Black "Gelfand, Boris"]
[Result "1/2-1/2"]
[TimeControl "90' + 30' & 30\""]
[WhiteElo "2676"]
[BlackElo "2655"]

1. c4 {[%clk 01:30:32]} {[%emt 00:00:27]} c5 {[%clk 01:30:57]} {[%emt
00:00:04]} 2. g3 {[%clk 01:30:50]} {[%emt 00:00:13]} g6 {[%clk 01:30:57]}
{[%emt 00:00:29]} 3. Bg2 {[%clk 01:31:09]} {[%emt 00:00:11]} Bg7 {[%clk
01:31:24]} {[%emt 00:00:03]} 4. Nc3 {[%clk 01:31:30]} {[%emt 00:00:09]} Nc6
{[%clk 01:31:50]} {[%emt 00:00:05]} 5. Nf3 {[%clk 01:31:51]} {[%emt 00:00:08]}
e6 {[%clk 01:31:58]} {[%emt 00:00:22]} 6. d4 {[%clk 01:31:50]} {[%emt
00:00:30]} cxd4 {[%clk 01:31:23]} {[%emt 00:01:06]} 7. Nb5 {[%clk 01:31:38]}
{[%emt 00:00:42]} d5 {[%clk 01:31:41]} {[%emt 00:00:13]} 8. cxd5 {[%clk
01:31:50]} {[%emt 00:00:17]} Qa5+ {[%clk 01:31:45]} {[%emt 00:00:26]} 9. Nd2
{[%clk 01:32:08]} {[%emt 00:00:11]} exd5 {[%clk 01:32:03]} {[%emt 00:00:13]} 10.
Nd6+ {[%clk 01:32:13]} {[%emt 00:00:25]} Kf8 {[%clk 01:31:34]} {[%emt
00:00:59]} 11. O-O {[%clk 01:32:21]} {[%emt 00:00:22]} Be6 {[%clk 01:31:32]}
{[%emt 00:00:32]} 12. e4 {[%clk 01:31:52]} {[%emt 00:00:59]} Nge7 {[%clk
01:30:31]} {[%emt 00:01:31]} 13. exd5 {[%clk 01:20:32]} {[%emt 00:11:50]} Bxd5
{[%clk 01:14:14]} {[%emt 00:16:48]} 14. Nxb7 {[%clk 01:12:55]} {[%emt
00:08:07]} Qb4 {[%clk 01:14:05]} {[%emt 00:00:38]} 15. Bxd5 {[%clk 01:11:06]}
Nxd5 {[%clk 01:12:29]} {[%emt 00:04:25]} 16. Qb3 {[%clk 00:54:48]} {[%emt
00:16:48]} Qxb3 {[%clk 01:03:27]} {[%emt 00:09:32]} 17. Nxb3 {[%clk 00:55:03]}
{[%emt 00:00:16]} h6 {[%clk 01:01:25]} {[%emt 00:02:31]} 18. Rd1 {[%clk
00:38:46]} {[%emt 00:16:47]} Kg8 {[%clk 00:51:02]} {[%emt 00:10:53]} 19. N7a5
{[%clk 00:33:15]} {[%emt 00:06:01]} Nxa5 {[%clk 00:34:24]} {[%emt 00:17:08]} 20.
Nxa5 {[%clk 00:33:41]} {[%emt 00:00:04]} Rc8 {[%clk 00:30:02]} {[%emt
00:04:52]} 21. Nb3 {[%clk 00:32:25]} {[%emt 00:01:46]} Kh7 {[%clk 00:25:58]}
{[%emt 00:04:34]} 22. Nxd4 {[%clk 00:32:02]} {[%emt 00:00:54]} Rhd8 {[%clk
00:26:17]} {[%emt 00:00:11]} 23. Nf3 {[%clk 00:22:35]} {[%emt 00:09:56]} Nb6
{[%clk 00:21:09]} {[%emt 00:05:38]} 24. Be3 {[%clk 00:18:49]} {[%emt 00:04:15]}
Bxb2 {[%clk 00:19:58]} {[%emt 00:01:43]} 25. Rxd8 {[%clk 00:16:43]} {[%emt
00:02:35]} Rxd8 {[%clk 00:20:18]} {[%emt 00:00:10]} 26. Bxb6 {[%clk 00:17:07]}
{[%emt 00:00:07]} axb6 {[%clk 00:20:44]} {[%emt 00:00:04]} 27. Rb1 {[%clk
00:17:32]} {[%emt 00:00:05]} Bg7 {[%clk 00:20:16]} {[%emt 00:00:57]} 28. Rxb6
{[%clk 00:17:56]} Ra8 {[%clk 00:20:42]} {[%emt 00:00:10]} 29. h4 {[%clk
00:18:20]} {[%emt 00:00:06]} Rxa2 {[%clk 00:21:05]} {[%emt 00:00:07]} 30. Kg2
{[%clk 00:18:45]} {[%emt 00:00:05]} Rc2 {[%clk 00:21:10]} {[%emt 00:00:24]}
1/2-1/2